20 Largest Islands and Their Countries - Statistics

General Stats
  • This quiz has been taken 1,457 times
  • The average score is 26 of 34
Answer Stats
Answer % Correct
Greenland
94%
Indonesia
94%
Denmark
93%
Madagascar
91%
Madagascar
91%
Japan
89%
United Kingdom
89%
Ireland
85%
Ireland
85%
Borneo
84%
Java
83%
Malaysia
82%
Canada
81%
Cuba
79%
Cuba
79%
New Zealand
79%
Sumatra
79%
Papua New Guinea
77%
Great Britain
76%
Honshu
76%
New Guinea
76%
Philippines
73%
Brunei
72%
Iceland
72%
Iceland
72%
North Island
68%
South Island
68%
Baffin Island
66%
Luzon
60%
Sulawesi
59%
Newfoundland
53%
Victoria Island
45%
Mindanao
44%
Ellesmere
43%
No matching quizzes found
Score Distribution
Percent of People with Each Score
Percentile by Number Answered
Your Score History
You have not taken this quiz